| 000 | 01170nam a2200277 i 4500 | ||
|---|---|---|---|
| 001 | bg | ||
| 245 | 0 | 0 |
_aPromieniowe rozdzielaczowe pompy wtryskowe VR : _binformator techniczny Bosch wydanie 2000/2001 / _c[tł. z jęz. niem. Antoni Szulborski]. |
| 246 |
_iTyt. oryg.: _aDiesel-Radialkolben-Verteilereinspritzpumpen VR |
||
| 260 |
_aWarszawa : _bWydawnictwa Komunikacji i Łączności, _c2000. |
||
| 300 |
_a52 s. : _bil. ; _c30 cm. |
||
| 490 | 1 | _aElektroniczne Sterowanie Silników Wysokoprężnych | |
| 500 | _aTyt. oryg.: "Diesel-Radialkolben-Verteilereinspritzpumpen VR" 2000. - Opis wg okł. | ||
| 650 | 9 | _aUkład paliwowo-wtryskowy | |
| 650 | 9 |
_aSilniki wysokoprężne _xurządzenia _xautomatyzacja |
|
| 655 | _aInformatory | ||
| 700 | 1 |
_aSZULBORSKI, Antoni. _eTł. |
|
| 830 | _aElektroniczne Sterowanie Silników Wysokoprężnych | ||
| 020 | _a8320613507 | ||
| 040 | _cBPK | ||
| 041 | 1 |
_apol _hger |
|
| 080 | _a621.436-52(058) | ||
| 920 | _a83-206-1350-7 | ||
| 942 | _cKA | ||
| 008 | s pl f |000 0 pol | ||
| 999 |
_c35088 _d35088 |
||
| 856 |
_uhttp://koha.tu.koszalin.pl/cgi-bin/koha/opac-detail.pl?biblionumber=35088 _yKatalog online BPK |
||